000 00452nam a2200181Ia 4500
001 13641
005 20260306164816.0
008 260306t2006||||xx |||||||||||||| ||spa||
041 _aESP
082 _a005.1
_bS29
100 _aSchach, Stephen
_eAUT
245 0 _aIngeniería de software clásica y orientada a objetos
260 _c2006
300 _axxi, 581 páginas :
_c23 cm.
650 _aGEN
654 _aCCC
942 _cLIB
_dJUS
_fJUS
_2ddc
_n
999 _c13641
_d13641